Divisions de l'art oratoire. Topiques.
Saved in:
| Main Author: | |
|---|---|
| Other Authors: | |
| Format: | Book |
| Language: | English |
| Published: |
Paris, France:
Les Belles Lettres,
1990.
|
| Edition: | Troisième tirage. |
| Series: | Collection des Universités de France.
|
| Subjects: | |
| Tags: |
Add Tag
No Tags, Be the first to tag this record!
|
MARC
| LEADER | 00000nam a22000007a 4500 | ||
|---|---|---|---|
| 003 | CL-VaPUC | ||
| 005 | 20220822114440.0 | ||
| 008 | 220324b ||||| |||| 00| 0 eng d | ||
| 999 | |c 435106 |d 435104 | ||
| 020 | |a 2-251-01074-2 | ||
| 022 | |a 0184-7155 | ||
| 040 | |c Pontificia Universidad Católica de Valparaíso | ||
| 082 | |a 875 CIC 1990 |2 22 | ||
| 100 | |a Cicerón, Marco Tulio |e autor |9 255203 | ||
| 245 | |a Divisions de l'art oratoire. |b Topiques. | ||
| 250 | |a Troisième tirage. | ||
| 260 | |a Paris, France: |b Les Belles Lettres, |c 1990. | ||
| 300 | |a Paginación irregular. | ||
| 490 | |a Collection des Universités de France. | ||
| 500 | |a c.1 Donación Familia Prof. Alejandro Guzmán Brito. | ||
| 505 | |a Table des matières. - I. Partitiones oratoriae. - Introduction - Texte et traduction. - II. Topica. - Introduction. - Texte et traduction. - III. Index - Mots gracs. - Noms propres. - Mots et locutions techniques. | ||
| 583 | |c 20220324 |k Yessy Stephany Diaz Vidal | ||
| 650 | 0 | |a Discursos latinos |9 266716 | |
| 650 | 0 | |a Oratoria latina |9 266621 | |
| 650 | 0 | |a Literatura latina |9 258055 | |
| 700 | |a Bornecque, Henri |9 517431 |e texte établi |e traduit | ||
| 942 | |2 ddc |c BK |n 0 | ||